Online
Catalog

Informe preliminar en relación a las osamentas encontradas por la comisión nombrada por el poder ejecutivo mediante decreto no. 132-88 / (Record no. 47474)

MARC details
000 -CABECERA
campo de control de longitud fija 00915nam a2200217 a 4500
001 - NÚMERO DE CONTROL
campo de control 000047986
005 - FECHA Y HORA DE LA ÚLTIMA TRANSACCIÓN
campo de control 20201002060839.0
008 - DATOS DE LONGITUD FIJA--INFORMACIÓN GENERAL
campo de control de longitud fija 181010s1989 dr r 000 0 spa d
040 ## - FUENTE DE LA CATALOGACIÓN
Centro catalogador/agencia de origen DO-SdBNP
Lengua de catalogación spa
Centro/agencia transcriptor BNPHU
082 ## - NÚMERO DE LA CLASIFICACIÓN DECIMAL DEWEY
Número de clasificación xxxx
Número de documento/Ítem M832i
100 1# - ENTRADA PRINCIPAL--NOMBRE DE PERSONA
Nombre de persona Morbán Laucer, Dernando
9 (RLIN) 75501
245 10 - MENCIÓN DE TÍTULO
Título Informe preliminar en relación a las osamentas encontradas por la comisión nombrada por el poder ejecutivo mediante decreto no. 132-88 /
Mención de responsabilidad, etc. Fernando Morbán Laucer, Abelardo Jiménez Lambertus, Harold Olsen Bogaert.
260 ## - PUBLICACIÓN, DISTRIBUCIÓN, ETC.
Lugar de publicación, distribución, etc. Santo Domingo :
Nombre del editor, distribuidor, etc. Museo del Hombre Dominicano,
Fecha de publicación, distribución, etc. 1989.
300 ## - DESCRIPCIÓN FÍSICA
Extensión 27 p. :
Otras características físicas il. ;
Dimensiones 21 cm.
490 1# - MENCIÓN DE SERIE
Mención de serie Papeles ocacionales
Designación de volumen o secuencia 8
500 ## - NOTA GENERAL
Nota general Incluye referencias bibliográficas y notas al pie de las páginas
590 ## - NOTA LOCAL (RLIN)
Nota local Inventariado, 2018/BT
700 1# - PUNTO DE ACCESO ADICIONAL--NOMBRE DE PERSONA
Nombre de persona Jiménez Lambertus, Abelardo
9 (RLIN) 21571
700 1# - PUNTO DE ACCESO ADICIONAL--NOMBRE DE PERSONA
Nombre de persona Olsen Bogaert, Harold
9 (RLIN) 23292
830 #0 - PUNTO DE ACCESO ADICIONAL DE SERIE-TÍTULO UNIFORME
Título uniforme Papeles ocacionales
Número de parte o sección de la obra 8
9 (RLIN) 75502
Holdings
Estado de retiro Estado de pérdida No para préstamo Código de colección Localización permanente Ubicación/localización actual Ubicación en estantería Fecha de adquisición Número de inventario Total de préstamos Signatura topográfica completa Código de barras Fecha visto por última vez Precio válido a partir de Tipo de ítem Koha
    Excluido de préstamo Patrimonio Dominicano Patrimonio Dominicano Patrimonio Dominicano Depósito 10.10.2018 LF1   xxxx M832i 47986-10 25.06.2020 25.06.2020 Libro y Folleto Colección Patrimonio Dominicano

Powered by Koha